Представление документа в формате RUSMARC

ПолеНазваниеЗначение
  Тип записи a
  Библиографический уровень a
001 Контрольный номер RU/CBS_UL/BASE/d0b808dc466f4c09906b9d1c575e58bd
005 Дата корректировки 20230111112145.6
100 Данные общей обработки __
a Данные общей обработки 20230111 ||| 0rusy0189 ca
101 Язык документа 0_
a Язык текста rus
102 Страна публикации __
a Страна публикации RU
200 Заглавие и сведения об ответственности 1_
a Заглавие Десницы дьявола
e Сведения, относящиеся к заглавию [многоствольное оружие от Леонардо да Винчи до наших дней]
461 Уровень набора _0
1 2000
a Загадки истории
463 Уровень физической единицы _0
1 2000
a № 1-2
v С. 50-55
h С. 18-19
1 2101
d 2023
1 001RU/CBS_UL/BASE/f2ae496969644f5da3c01444e9f5d2dc
606 Тематические рубрики 0_
a Основная рубрика Военное дело
610 Ключевые слова 0_
a Ключевые слова огнестрельное оружие
610 Ключевые слова 0_
a Ключевые слова история оружия
610 Ключевые слова 0_
a Ключевые слова пистолеты
610 Ключевые слова 0_
a Ключевые слова залповое оружие
686 Индексы других классификаций __
a Классификационный индекс 68
2 Код системы ББК
700 Автор _1
a Фамилия Штерн
b Имя (инициалы) В.
801 Источник записи _0
a Страна RU
b Организация МБУК ЦБС г. Ульяновска
c Дата составления 20230111
g Правила каталогизации RCR
801 Источник записи _1
a Страна RU
b Организация МБУК ЦБС г. Ульяновска
c Дата составления 20230111
g Правила каталогизации RCR
901 Тип документа __
t Тип документа b
w Контрольный № источника RU/CBS_UL/BASE/f2ae496969644f5da3c01444e9f5d2dc